MARC

LEADER 00000cas a2200000 a 4500
001 vtls008189058
003 SK-MaSNL
005 20260425194306.0
008 190207d19911991xo ar| 000 b0slo
020 |a 802253088 (brož. : r. 1991/1992) 
035 |a SVKPOKN000537 
040 |a SVKPOKN  |b slo  |c SVKPOKN  |d SVKPO  |d SNK  |e AACR2 
041 0 |a slo 
043 |a e-xo--- 
044 |a xo  |c SK 
072 7 |a 378  |x Vysoké školy  |2 konspekt 
080 |a (437.611)  |2 2011 
080 |a 050  |2 2011 
080 |a 378.6:33  |2 2001 
080 |a 007+004  |2 2011 
080 |a 33  |2 2011 
080 |a 37.091.3  |2 2011 
080 |a (036)  |2 2011 
080 |a (073)  |2 2011 
080 |a (058)  |2 2011 
110 2 |a Vysoká škola ekonomická v Bratislave.  |b Fakulta hospodárskej informatiky  |9 178974 
245 1 0 |a Študijný program Fakulty hospodárskej informatiky VŠE v Bratislave  |b akademický rok ... 
246 1 |i Názov v tiráži:  |a Študijný program Fakulty hospodárskej informatiky Vysokej školy ekonomickej v Bratislave 
260 |a V Bratislave  |b Rektorát Vysokej školy ekonomickej  |c 1991 
300 |a 1 zv.  |b tab.  |c 20 cm 
310 |a 1x ročne 
362 0 |a 1991/1992 
500 |a Názov z obalu 
650 0 7 |a vysoké školy ekonomické  |2 SNKPH  |9 67405 
650 0 7 |a ekonómia  |2 SNKPH  |9 788 
650 0 7 |a informatika  |2 SNKPH  |9 1124 
650 0 7 |a Economics  |2 SNKPHeng  |9 265310 
650 0 7 |a Universities of economics  |2 SNKPHeng  |9 267333 
650 0 7 |a Informatics  |2 SNKPHeng  |9 267334 
650 0 7 |a štúdium a výučba  |2 SNKPH  |9 3982 
650 0 7 |a Study and teaching  |2 SNKPHeng  |9 265408 
651 7 |a Bratislava (Slovensko)  |2 SNKPHgeo  |9 14568 
651 7 |a Bratislava (Slovakia)  |2 SNKPHeng  |9 171234 
655 7 |a študijné programy  |2 SNKPH  |9 265409 
655 7 |a informačné publikácie  |2 SNKPH  |9 70181 
655 7 |a Information publications  |2 SNKPHeng  |9 265188 
655 7 |a Study programs  |2 SNKPHeng  |9 265536 
655 7 |a ročenky  |2 SNKPH  |9 57146 
655 7 |a Yearbooks  |2 SNKPHeng  |9 120938 
752 |a Slovensko  |d Bratislava 
780 0 0 |t Študijný program Fakulty riadenia VŠE v Bratislave 
785 0 0 |t Študijný program Fakulty hospodárskej informatiky Ekonomickej univerzity v Bratislave  |w vtls001471505 
910 |a svkponkat 
910 |a snk 
919 |a 80-225-308-8 
999 |c 9728  |d 11658 
952 |a SNK  |b SNK  |y PREZ  |7 0  |p 17A0828954  |o snkČSD 781/B/1991-1992  |i snkKSP 9124/91  |0 0  |1 0  |4 0  |d 2019-02-07  |l 0  |r 2026-02-21 22:28:04  |w 2026-02-21